Tunisie (notice nᵒ 32457)
[ vue normale ]
| 000 -LEADER | |
|---|---|
| fixed length control field | 00423nam a2200157 4500 |
| 005 - DATE AND TIME OF LATEST TRANSACTION | |
| control field | 20210105115156.0 |
| 037 ## - SOURCE D'ACQUISITION | |
| Cote | BC_332 87 |
| Forme de support | Broché |
| 040 ## - SOURCE DU CATALOGAGE | |
| Origine cataloguage | BC-ENSA |
| Langue du catalogage | fre |
| 041 ## - CODE DE LANGUE | |
| Langue | Français |
| 110 ## - AUTEUR MORAL | |
| Nom de collectivité | F.A.O. |
| 245 ## - MENTION DU TITRE | |
| Titre | Tunisie |
| Complément de titre | projet de planification rurale intégrée de la région centrale |
| 260 ## - PUBLICATION, DIFFUSION, ETC. (ADRESSE BIBLIOGRAPHIQUE) | |
| Lieu d'édition | Rome |
| Nom de l'éditeur | F.A.O. |
| Année d'édition | 1968 |
| 562 ## - NOTE D'IDENTIFICATION DES EXEMPLAIRES ET VERSIONS | |
| Numbre d' exemplaire | exemplaire(s) |
| 942 ## - ADDED ENTRY ELEMENTS (KOHA) | |
| Type document | Ouvrage |
| 653 ## - DESCRIPTEUR LIBRE | |
| Mots clés libres | TUNISIE/PLANIFICATION RURALE/DEVELOPPEMENT |
| statut de retrait | Statut | emplacement permanent | Localisation actuelle | emplacement rayonnages | Cote | code à barre | Koha type d'élément |
|---|---|---|---|---|---|---|---|
| Bibliothèque Centrale | Bibliothèque Centrale | Magasin sous sol | BC_332 87 | BC_332 87 | Ouvrage |